The neurophysiological problem of sleep

Bibliographic Details
Published in:The dream and human societies, ed. by G.E. von Grunebaum and Roger Caillois, Berkeley, 1966, p. 53-75
Main Author: Bremer, Frédéric
Content type: Article
Source:MPIPL_cat
_version_ 1863687076718837762
author Bremer, Frédéric
author_facet Bremer, Frédéric
author_search Bremer, Frédéric
author_sort Bremer, Frédéric
author_variant f b fb
collection_details MPIPL
container_reference p. 53-75
container_start_page 53
container_title The dream and human societies : [based on the proceedings of the International Colloquium on Le Rêve et les Sociétés Humaines, held at the Cercle Culturel de Royaumont, Abbaye de Royaumont, Asnières-sur-Oise, June 17 to June 23, 1962]
dedup_id_str MPIPL_cat.PL000147765
dewey-hierarchy 0/[Unassigned]/
dewey-hierarchy_str 0/[Unassigned]/
first_indexed 2026-03-14T00:41:20Z
format 0/Artikel/
format_str 0/Artikel/
fullrecord <?xml version="1.0" encoding="UTF-8"?> <collection xmlns:xsi="http://www.w3.org/2001/XMLSchema-instance" xsi:schemaLocation="http://www.loc.gov/MARC21/slim http://www.loc.gov/standards/marcxml/schema/MARC21slim.xsd" xmlns="http://www.loc.gov/MARC21/slim"> <record> <leader>00000naa a2200000 u 4500</leader> <controlfield tag="001">PL000147765</controlfield> <controlfield tag="003">PLI01000000000000000145138</controlfield> <controlfield tag="005">00000000000000.0</controlfield> <controlfield tag="007">tu|||||||||||||||||||||</controlfield> <controlfield tag="008">t r ||| eng </controlfield> <datafield tag="100" ind1="1" ind2=" "> <subfield code="a">Bremer, Frédéric</subfield> </datafield> <datafield tag="245" ind1="0" ind2="4"> <subfield code="a">The neurophysiological problem of sleep</subfield> <subfield code="c">Frédéric Bremer</subfield> </datafield> <datafield tag="952" ind1=" " ind2=" "> <subfield code="j">1966</subfield> <subfield code="h">p. 53-75</subfield> </datafield> <datafield tag="041" ind1="0" ind2="7"> <subfield code="a">eng</subfield> <subfield code="2">ISO 639-2</subfield> </datafield> <datafield tag="996" ind1=" " ind2=" "> <subfield code="a">Aufsatz</subfield> </datafield> <datafield tag="996" ind1=" " ind2=" "> <subfield code="a">Aufsatz</subfield> </datafield> <datafield tag="997" ind1=" " ind2=" "> <subfield code="a">book chapter</subfield> </datafield> <datafield tag="773" ind1="0" ind2="8"> <subfield code="t">The dream and human societies</subfield> <subfield code="a">ed. by G.E. von Grunebaum and Roger Caillois</subfield> <subfield code="d">Berkeley, 1966</subfield> <subfield code="g">p. 53-75</subfield> <subfield code="w">MPIPL_cat.PL000147663</subfield> <subfield code="i">In:</subfield> </datafield> </record> </collection>
hierarchy_parent_id MPIPL_cat.PL000147663
hierarchy_parent_title The dream and human societies : [based on the proceedings of the International Colloquium on Le Rêve et les Sociétés Humaines, held at the Cercle Culturel de Royaumont, Abbaye de Royaumont, Asnières-sur-Oise, June 17 to June 23, 1962]
id MPIPL_cat.PL000147765
illustrated Not Illustrated
institution MPIPL_cat
institution_str MPIPL_cat
language eng
language_str eng
last_indexed 2026-04-27T23:42:48Z
local_fields Aufsatz
online false
online_MPIPL_cat false
online_str false
record_format marc
spelling Bremer, Frédéric
The neurophysiological problem of sleep
Frédéric Bremer
The dream and human societies
ed. by G.E. von Grunebaum and Roger Caillois
Berkeley, 1966
p. 53-75
In
spellingShingle Bremer, Frédéric
The neurophysiological problem of sleep
title The neurophysiological problem of sleep
title_full The neurophysiological problem of sleep Frédéric Bremer
title_fullStr The neurophysiological problem of sleep Frédéric Bremer
title_full_unstemmed The neurophysiological problem of sleep Frédéric Bremer
title_search The neurophysiological problem of sleep
title_short The neurophysiological problem of sleep
title_sort neurophysiological problem of sleep frédéric bremer